| 000 | 00479nam a22001937a 4500 | ||
|---|---|---|---|
| 003 | MPLRDC | ||
| 005 | 20220104143926.0 | ||
| 008 | 210129b ||||| |||| 00| 0 eng d | ||
| 020 | _a957-745-348-1 | ||
| 082 | _a874.62 BRA-2 | ||
| 100 | _aRAY BRADBURY | ||
| 245 |
_a寂寞的七号星球 _c张琰 译 |
||
| 250 | _a初版 | ||
| 260 |
_a _b游目族 _c2000 |
||
| 300 | _b平 | ||
| 490 | _a布莱伯利作品. 2 | ||
| 650 | _a美国文学杂著 | ||
| 942 |
_cBK _o874.62 BRA-2 |
||
| 999 |
_c44704 _d44694 |
||